000 01476cam a22003257i 4500
999 _c12465
_d12465
003 OSt
005 20240117093801.0
008 170821s2016 nyua 000 0 fre d
020 _a9781616894832
_q(paperback)
043 _ae-it---
082 0 0 _a720.9456
_223
_bLET
100 1 _aLetarouilly, Paul Marie,
_d1795-1855,
_eartist.
245 1 0 _aÉdifices de Rome moderne, ou, Recueil des palais, maisons, églises, couvents, et autres monuments publics et particuliers les plus remarquables de la ville de Rome /
_cdessinés, mesurés et publiés par Paul Le Tarouilly, architecte.
246 3 0 _aRecueil des palais, maisons, églises, couvents, et autres monuments publics et particuliers les plus remarquables de la ville de Rome
250 _aFirst paperback edition.
300 _a554 pages :
_bchiefly illustrations ;
_c26 cm.
490 0 _aStudent classics series
500 _a3 bibliographic volumes in 1 physical volume.
500 _aFirst volume originally published: Paris : Didot, 1840.
546 _aTable of contents and captions in French, with an introduction in English.
650 0 _aArchitecture
_zItaly
_zRome.
650 0 _aArchitecture, Renaissance
_zItaly
_zRome.
650 7 _aArchitecture.
_2fast
650 7 _aArchitecture, Renaissance.
_2fast
650 7 _aBuildings.
_2fast
651 0 _aRome (Italy)
_xBuildings, structures, etc.
651 7 _aItaly
_zRome.
_2fast
700 1 _aLippert, Kevin C.,
_ewriter of introduction.
942 _2ddc